Setas tóxicas
Збережено в:
| Автор: | |
|---|---|
| Формат: | Книга |
| Мова: | Іспанська |
| Опубліковано: |
Madrid
Susaeta
1995
|
| Предмети: | |
| Теги: |
Додати тег
Немає тегів, Будьте першим, хто поставить тег для цього запису!
|
MARC
| LEADER | 00000nam a2200000 a 4500 | ||
|---|---|---|---|
| 001 | UCL6891 | ||
| 003 | CL-VaPUC | ||
| 008 | 040423e19950000SP |||||||||||||||||spa|d | ||
| 020 | |a 8430577203 | ||
| 082 | 0 | 4 | |a 635.8 |b BAI |2 21 |
| 100 | 0 | |a Baier, Jirí |e author |9 484562 | |
| 245 | 1 | 0 | |a Setas tóxicas |
| 300 | |a 183 p | ||
| 942 | |c BK | ||
| 945 | |d 20040423 00:00:00 |a cmena | ||
| 260 | |a Madrid |b Susaeta |c 1995 | ||
| 650 | 0 | |a Hongos venenosos |9 484563 | |
| 650 | 7 | |a TOXICOLOGIA |2 CL-VaPUC |9 306970 | |
| 650 | 0 | |a Intoxicación por alimentos |9 325368 | |
| 583 | |a last modification |c 20040423 00:00:00 |k Rodrigo Vera | ||
| 999 | |c 308775 |d 308773 | ||
| 952 | |0 0 |1 0 |2 ddc |4 0 |6 635_800000000000000_BAI_1995 |7 0 |8 A |9 375598 |a BIBAGR |b BIBAGR |c GEN |d 2019-11-21 |i 4008839 |l 3 |o 635.8 BAI 1995 |p 4008839 |r 2025-01-20 |s 2024-11-15 |w 2019-11-21 |y BK |k AGR | ||